| 000 | 00700 a2200229 4500 | ||
|---|---|---|---|
| 001 | 105897 | ||
| 020 | _a9781596470750 | ||
| 041 | _apor | ||
| 090 | _aPL 940 HAZ | ||
| 092 | _a2006043635 | ||
| 100 | _aHazen, Walter A. | ||
| 250 | _a. ed. | ||
| 300 | _aiv, 92 p. | ||
| 697 | _aWorld War, 1939-1945 - Study and teaching - Activity programs. | ||
| 697 | _aWorld War, 1939-1945 - Study and teaching. | ||
| 697 | _aWorld War, 1939-1945 - Textbooks. | ||
| 856 | _u00000b/00000bf8.jpg | ||
| 040 |
_aBR-BrIDEA _cBR-BrIDEA |
||
| 245 | 1 | 0 |
_aEveryday life _bWorld War II : with cross-curricular activities in each chapter _c Walter A Hazen |
| 260 |
_a[S.l.] _bGood Year Books _c2006 |
||
| 942 | _cBK | ||
| 999 |
_c105897 _d105897 |
||